Úvod do logiky a metodológie myslenia

Guardado en:
Detalles Bibliográficos
Autor principal: Greguš, Peter
Autor Corporativo: Ekonomická univerzita v Bratislave. Fakulta medzinárodných vzťahov
Formato: Libro
Lenguaje:eslovaco
Publicado: Bratislava Vydavateľstvo EKONÓM 2001
Edición:2. oprav. a dopl.
Materias:
Etiquetas: Agregar Etiqueta
Sin Etiquetas, Sea el primero en etiquetar este registro!

MARC

LEADER 00000nam a2200000 4500
001 c124800
005 20221124102456.1
020 |a 80-225-1396-2 
041 0 |a slo 
044 |a SK 
245 1 0 |a Úvod do logiky a metodológie myslenia  |c Peter Greguš 
250 |a 2. oprav. a dopl. 
264 1 |a Bratislava  |b Vydavateľstvo EKONÓM  |c 2001 
300 |a 82 s. 
610 2 0 |a logika 
610 2 0 |a veda 
610 2 0 |a teória poznania 
610 2 0 |a metodológia logická 
100 1 |a Greguš, Peter 
710 2 |a Ekonomická univerzita v Bratislave. Fakulta medzinárodných vzťahov